Aniversario 1972-2014, 42 (Record no. 8012)
[ view plain ]
| 000 -LEADER | |
|---|---|
| campo de control de longitud fija | 00361nam a2200133Ia 4500 |
| 001 - NÚMERO DE CONTROL | |
| campo de control | 3955 |
| 008 - DATOS DE LONGITUD FIJA--INFORMACIÓN GENERAL | |
| campo de control de longitud fija | 241024s9999 xx 000 0 und d |
| 082 ## - NÚMERO DE LA CLASIFICACIÓN DECIMAL DEWEY | |
| Número de clasificación | RD/630/F673a |
| 100 ## - ENTRADA PRINCIPAL--NOMBRE DE PERSONA | |
| Nombre de persona | Fondo Especial para el Desarrollo Agropecuario (FEDA) |
| 245 #0 - MENCIÓN DEL TÍTULO | |
| Título | Aniversario 1972-2014, 42 |
| 260 ## - PUBLICACIÓN, DISTRIBUCIÓN, ETC. | |
| Nombre del editor, distribuidor, etc. | Santo Domingo |
| Fecha de publicación, distribución, etc. | 2015 |
| 901 ## - ELEMENTOS DE DATOS A LOCAL LDA (RLIN) | |
| a | 13/3/2015 12:00:44 p.m. |
No items available.